000 00605 a2200193 4500
001 61418
005 20260407155904.0
008 260407a1972 arg spa d
003 AR-UNSa-BCEJYS
040 _aAR-UNSa-BCEJYS
_bspa
_cAR-UNSa-BCEJYS
080 _a347.98
_xCompetencia de los tribunales. Jurisdicción. Prerrogativas
245 1 0 _aLa jurisdicción
_pDoctrina. Jurisprudencia. Legislación comparada
264 1 _aBuenos Aires :
_bAstrea
_c1972
300 _a280 p.
_c23 cm.
041 _aspa
942 _cBK
590 _aniveau_biblio:m niveau_hierar:0
100 1 _aIbañez Frocham, Manuel M.
999 _c7298
_d7298